Central Library OPAC University of Rajshahi

The Anglo-Indians : (Record no. 35054)

MARC details
000 -LEADER
fixed length control field 00833cam a22002412a 4500
001 - CONTROL NUMBER
control field 35054
003 - CONTROL NUMBER IDENTIFIER
rucl marc code BD-RjUL
005 - DATE AND TIME OF LATEST TRANSACTION
control field 20211209052243.0
008 - FIXED-LENGTH DATA ELEMENTS--GENERAL INFORMATION
fixed length control field 140520s1967 enkabf b 001 0 eng d
035 ## - SYSTEM CONTROL NUMBER
System control number OCLC ocm00461654 from D950822M
-- (BD-RjUL)35148
040 ## - CATALOGING SOURCE
Original cataloging agency DLC
Transcribing agency DLC
Modifying agency UKM
-- BD-RjUL
Language of cataloging eng
041 ## - LANGUAGE CODE
Language code of text/sound track or separate title eng
082 ## - DEWEY DECIMAL CLASSIFICATION NUMBER
Classification number 954.00491411
Author mark and year GAA 1967
100 1# - MAIN ENTRY--PERSONAL NAME
Personal name Gaikwad, V. R.
Dates associated with a name 1933-
9 (RLIN) 104830
245 04 - TITLE STATEMENT
Title The Anglo-Indians :
Remainder of title a study in the problems and processes involved in emotional and cultural integration /
Statement of responsibility, etc. V. R. Gaikwad
260 ## - PUBLICATION, DISTRIBUTION, ETC. (IMPRINT)
Place of publication, distribution, etc. London :
Name of publisher, distributor, etc. Asia Publishing House,
Date of publication, distribution, etc. 1967.
300 ## - PHYSICAL DESCRIPTION
Pagination xvii, 300 p., [7] p. of plates :
Illustrations ill. ;
Size 23 cm
504 ## - BIBLIOGRAPHY, ETC. NOTE
Bibliography, etc Includes index and Bibliography: p. 287-290 -
650 #0 - SUBJECT ADDED ENTRY--TOPICAL TERM
Topical term or geographic name as entry element Anglo-Indians
9 (RLIN) 106737
942 ## - ADDED ENTRY ELEMENTS (KOHA)
Source of classification or shelving scheme Dewey Decimal Classification
Koha item type Books
Holdings
Lost status Source of classification or shelving scheme Damaged status Not for loan Collection code Permanent Location Current Location Shelving location Date acquired Source of acquisition Cost, normal purchase price Total Checkouts Full call number Date last seen Copy number Koha item type
  Dewey Decimal Classification   Not For Loan Non-fiction Central Library, University of Rajshahi Central Library, University of Rajshahi Reading Room 28/08/1968 Zeitlinger 45.00   954.00491411 GAA 1967 20/05/2014 C-1 Books